[Event "Berlin Lichtenberger op 18th"]
[Site "Berlin"]
[Date "2019.08.19"]
[Round "3"]
[White "Zesewitz, Martin"]
[Black "Simon, Ralf Axel"]
[Result "1/2-1/2"]
[WhiteElo "1906"]
[BlackElo "2131"]
[PlyCount "110"]
[EventDate "2019.08.17"]
[EventType "swiss"]
[EventRounds "9"]
[EventCountry "GER"]
[SourceTitle "EXT 2020"]
[Source "ChessBase"]
[SourceDate "2019.10.17"]
[SourceVersion "1"]
[SourceVersionDate "2019.10.17"]
[SourceQuality "1"]

1. f4 Nf6 2. Nf3 b6 3. e3 Bb7 4. b3 g6 5. Bb2 Bg7 6. Be2 0-0 7. 0-0 c5 8. Qe1 e6 9. d3 d5 10. Ne5 Nfd7 11. d4 f6 12. Nf3 Nc6 13. Qg3 Qe7 14. Bb5 Rac8 15. Nbd2 Nb4 16. Rfc1 a6 17. Bf1 cxd4 18. Ba3 dxe3 19. Nb1 Qc5 20. Be2 d4 21. Nxd4 Qxd4 22. c3 Qd6 23. Rd1 Qe7 24. Bxb4 Nc5 25. Qxe3 a5 26. Ba3 Rfd8 27. Nd2 e5 28. Nc4 Rxd1+ 29. Rxd1 Qc7 30. fxe5 fxe5 31. Bg4 Rd8 32. Rxd8+ Qxd8 33. Bxc5 bxc5 34. Qxc5 Qh4 35. Be6+ Kh8 36. Qf2 Qe4 37. Nd6 Qb1+ 38. Qf1 Qxf1+ 39. Kxf1 Ba6+ 40. c4 Bf8 41. Nf7+ Kg7 42. Nxe5 Bd6 43. Nd7 Bc8 44. Kf2 Bxd7 45. Bxd7 Kf6 46. h3 Ke5 47. Ke3 Bc5+ 48. Kd3 g5 49. Bc6 h5 50. Bd5 h4 51. Kc3 Bb4+ 52. Kb2 Kd4 53. a3 Be7 54. b4 axb4 55. a4 Bd8 1/2-1/2

[Event "Berlin Lichtenberger op 16th"]
[Site "Berlin"]
[Date "2017.08.22"]
[Round "4"]
[White "Winkler, Michael"]
[Black "Zesewitz, Martin"]
[Result "0-1"]
[WhiteElo "1690"]
[BlackElo "1875"]
[PlyCount "76"]
[EventDate "2017.08.19"]
[EventType "swiss"]
[EventRounds "9"]
[EventCountry "GER"]
[SourceTitle "CBM 180 Extra"]
[Source "ChessBase"]
[SourceDate "2017.10.06"]
[SourceVersion "1"]
[SourceVersionDate "2017.10.06"]
[SourceQuality "1"]

1. d4 f5 2. Nf3 Nf6 3. c4 e6 4. Nc3 Bb4 5. Bg5 0-0 6. e3 b6 7. Be2 Bb7 8. 0-0 Bxc3 9. bxc3 d6 10. Re1 Nbd7 11. Bd3 Qe8 12. Bf4 Ne4 13. Qc2 Qh5 14. Be2 Qg6 15. Rad1 Ndf6 16. Nh4 Qf7 17. f3 g5 18. Nxf5 exf5 19. Bg3 Nxg3 20. hxg3 Nh5 21. Kf2 Rae8 22. Rh1 g4 23. d5 Bc8 24. f4 Nf6 25. Bd3 Ne4+ 26. Bxe4 Rxe4 27. Rd4 Qe7 28. Qd3 Re8 29. Re1 Kg7 30. Qe2 Ba6 31. Qd3 Qd7 32. Rb1 Qa4 33. Qd2 Rxd4 34. Qxd4+ Kg6 35. Qd2 Bxc4 36. Rb4 Qxa2 37. Rb2 Qa1 38. Rb4 Qf1# 0-1

[Event "Berlin Lichtenberger op 14th"]
[Site "Berlin"]
[Date "2015.08.21"]
[Round "7"]
[White "Brasoy, Aksel"]
[Black "Zesewitz, Martin"]
[Result "0-1"]
[WhiteElo "1959"]
[BlackElo "1873"]
[PlyCount "50"]
[EventDate "2015.08.15"]
[EventType "swiss"]
[EventRounds "9"]
[EventCountry "GER"]
[SourceTitle "EXT 2016"]
[Source "ChessBase"]
[SourceDate "2015.10.08"]
[SourceVersion "1"]
[SourceVersionDate "2015.10.08"]
[SourceQuality "1"]

1. d4 f5 2. Nc3 d5 3. Bg5 h6 4. Bf4 Nf6 5. h4 c6 6. e3 e6 7. Qd3 Bd6 8. Nf3 Ne4 9. Ne5 0-0 10. Nxe4 fxe4 11. Qd2 c5 12. Ng6 Rf7 13. g3 Nc6 14. 0-0-0 c4 15. Bh3 a5 16. g4 c3 17. Qe2 cxb2+ 18. Kxb2 Qb6+ 19. Kc1 Bb4 20. c3 Bxc3 21. Qc2 Nb4 22. Qb1 Bd7 23. Rd2 Ba4 24. a3 Rc8 25. axb4 Bxb4+ 0-1

[Event "Berlin Lichtenberger op 14th"]
[Site "Berlin"]
[Date "2015.08.18"]
[Round "4"]
[White "Zesewitz, Martin"]
[Black "Radloff, Rainer"]
[Result "1-0"]
[WhiteElo "1873"]
[BlackElo "1667"]
[PlyCount "49"]
[EventDate "2015.08.15"]
[EventType "swiss"]
[EventRounds "9"]
[EventCountry "GER"]
[SourceTitle "EXT 2016"]
[Source "ChessBase"]
[SourceDate "2015.10.08"]
[SourceVersion "1"]
[SourceVersionDate "2015.10.08"]
[SourceQuality "1"]

1. f4 e6 2. Nf3 c5 3. b3 Nf6 4. e3 Be7 5. Bb2 0-0 6. Be2 b6 7. 0-0 Bb7 8. Qe1 d5 9. Qh4 Ne4 10. Qh3 Bf6 11. Ne5 Nd7 12. d3 Nd6 13. Nd2 g6 14. Ndf3 Bg7 15. Ng5 h6 16. Nxe6 fxe6 17. Qxe6+ Nf7 18. Nxd7 Bxb2 19. Qxg6+ Bg7 20. Nxf8 Qxf8 21. Rae1 Re8 22. Bh5 Nd6 23. f5 Kh8 24. f6 Re6 25. fxg7+ 1-0

[Event "Berlin Lichtenberger op 12th"]
[Site "Berlin"]
[Date "2013.08.22"]
[Round "6"]
[White "Zesewitz, Martin"]
[Black "Junge, Wolfgang"]
[Result "0-1"]
[WhiteElo "1863"]
[BlackElo "1819"]
[PlyCount "35"]
[EventDate "2013.08.17"]
[EventType "swiss"]
[EventRounds "9"]
[EventCountry "GER"]
[SourceTitle "CBM 156 Extra"]
[Source "ChessBase"]
[SourceDate "2013.10.22"]
[SourceVersion "1"]
[SourceVersionDate "2013.10.22"]
[SourceQuality "1"]

1. f4 d5 2. Nf3 g6 3. e3 Bg7 4. d4 Nf6 5. Bd3 0-0 6. 0-0 Nbd7 7. Nbd2 e6 8. Ne5 c5 9. c3 b6 10. Qe1 Bb7 11. Rf3 Ne4 12. Rh3 f5 13. Ndf3 Nxe5 14. dxe5 Qe7 15. Bd2 Rad8 16. Qe2 h6 17. Nh4 Qf7 18. Rg3 0-1

[Event "Berlin Lichtenberger op 11th"]
[Site "Berlin"]
[Date "2012.08.23"]
[Round "6"]
[White "Zesewitz, Martin"]
[Black "Remboldt, Viktor"]
[Result "1/2-1/2"]
[WhiteElo "1870"]
[BlackElo "1802"]
[PlyCount "62"]
[EventDate "2012.08.18"]
[EventType "swiss"]
[EventRounds "9"]
[EventCountry "GER"]
[SourceTitle "CBM 150 Extra"]
[Source "ChessBase"]
[SourceDate "2012.10.19"]
[SourceVersion "1"]
[SourceVersionDate "2012.10.19"]
[SourceQuality "1"]

1. f4 e5 2. fxe5 d6 3. exd6 Bxd6 4. Nf3 Nf6 5. g3 Ng4 6. Bg2 h5 7. d4 h4 8. e4 hxg3 9. e5 Nf2 10. Qe2 Bb4+ 11. c3 Nxh1 12. Qb5+ Bd7 13. Qxb4 Nf2 14. Qc4 Be6 15. Qb5+ Qd7 16. Qxd7+ Nxd7 17. hxg3 Nd3+ 18. Kd2 Nxc1 19. Kxc1 Bd5 20. Nbd2 0-0-0 21. Nf1 c5 22. Kd2 cxd4 23. cxd4 Nb6 24. Kd3 Kb8 25. Ne3 Bxf3 26. Bxf3 Na4 27. b4 Nb6 28. Nf5 g6 29. Nd6 Rd7 30. Rh1 Rxh1 31. Bxh1 Nc8 1/2-1/2

[Event "Berlin Lichtenberger op 11th"]
[Site "Berlin"]
[Date "2012.08.22"]
[Round "5"]
[White "Schmidek, Emil"]
[Black "Zesewitz, Martin"]
[Result "1-0"]
[WhiteElo "1836"]
[BlackElo "1870"]
[PlyCount "51"]
[EventDate "2012.08.18"]
[EventType "swiss"]
[EventRounds "9"]
[EventCountry "GER"]
[SourceTitle "CBM 150 Extra"]
[Source "ChessBase"]
[SourceDate "2012.10.19"]
[SourceVersion "1"]
[SourceVersionDate "2012.10.19"]
[SourceQuality "1"]

1. e4 c6 2. Nf3 d5 3. Nc3 Nf6 4. e5 Ne4 5. d4 Nxc3 6. bxc3 c5 7. Bd3 Nc6 8. 0-0 Bg4 9. h3 Bh5 10. g4 Bg6 11. e6 f6 12. Bxg6+ hxg6 13. Qd3 Qd6 14. Qxg6+ Kd8 15. dxc5 Qxc5 16. Be3 Qd6 17. Rfd1 Ne5 18. Nxe5 Qxe5 19. c4 Qxe6 20. Bf4 b6 21. Rxd5+ Kc8 22. Rad1 Qc6 23. Rd8+ Kb7 24. R1d7+ Ka6 25. Qd3 e5 26. c5+ 1-0

[Event "Berlin-ch U18 final"]
[Site "Berlin"]
[Date "2009.02.04"]
[Round "4.3"]
[White "Mueller, Anna Louise"]
[Black "Zesewitz, Martin"]
[Result "1/2-1/2"]
[WhiteElo "1667"]
[BlackElo "1649"]
[PlyCount "147"]
[EventDate "2009.02.01"]
[EventType "swiss"]
[EventRounds "7"]
[EventCountry "GER"]
[SourceTitle "EXT 2022"]
[Source "ChessBase"]
[SourceDate "2021.10.06"]
[SourceVersion "1"]
[SourceVersionDate "2021.10.06"]
[SourceQuality "1"]

1. e4 c6 2. d4 d5 3. e5 Bf5 4. Ne2 e6 5. Ng3 Bg6 6. h4 h6 7. h5 Bh7 8. Bd3 Bxd3 9. Qxd3 c5 10. c3 Qb6 11. Nd2 Nc6 12. Nf3 Rc8 13. Ne2 cxd4 14. Nexd4 Bc5 15. 0-0 Nge7 16. a3 Bxd4 17. cxd4 Nf5 18. Rd1 Na5 19. b4 Nc6 20. Be3 a6 21. Rdc1 Kd7 22. g4 Nfe7 23. Nd2 Qa7 24. Nb3 b5 25. Nc5+ Ke8 26. f4 g6 27. hxg6 Nxg6 28. Nxe6 fxe6 29. Qxg6+ Qf7 30. Qxf7+ Kxf7 31. Kf2 Ne7 32. Rc5 Rxc5 33. bxc5 h5 34. gxh5 Rxh5 35. Rg1 Rh2+ 36. Rg2 Rxg2+ 37. Kxg2 Kg6 38. Kf3 Kf5 39. Bd2 Nc6 40. Bc3 a5 41. Bd2 a4 42. Bc3 Ne7 43. Kg3 Nc6 44. Kh4 Kxf4 45. Kh5 Ke4 46. Kg6 Kd3 47. Ba1 Kc2 48. Kf6 Kb1 49. Bc3 Kc2 50. Ba1 Kb1 51. Kxe6 Kxa1 52. Kxd5 b4 53. axb4 Nxb4+ 54. Kc4 Nc6 55. e6 Kb2 56. d5 a3 57. dxc6 a2 58. c7 a1Q 59. c8Q Qa2+ 60. Kb5 Qb3+ 61. Kc6 Qa4+ 62. Kd6 Qd4+ 63. Ke7 Qg7+ 64. Kd8 Qf8+ 65. Kd7 Qg7+ 66. e7 Qd4+ 67. Ke8 Qh8+ 68. Kd7 Qd4+ 69. Kc6 Qe4+ 70. Kc7 Qxe7+ 71. Qd7 Qxc5+ 72. Qc6 Qe7+ 73. Qd7 Qc5+ 74. Qc6 1/2-1/2

[Event "Berlin-ch U18 final"]
[Site "Berlin"]
[Date "2009.02.01"]
[Round "1.5"]
[White "Zesewitz, Martin"]
[Black "Stebel, Vincent"]
[Result "1-0"]
[WhiteElo "1649"]
[BlackElo "1134"]
[PlyCount "45"]
[EventDate "2009.02.01"]
[EventType "swiss"]
[EventRounds "7"]
[EventCountry "GER"]
[SourceTitle "EXT 2022"]
[Source "ChessBase"]
[SourceDate "2021.10.06"]
[SourceVersion "1"]
[SourceVersionDate "2021.10.06"]
[SourceQuality "1"]

1. f4 d5 2. Nf3 Nf6 3. e3 Nc6 4. b3 g6 5. Bb2 Bg7 6. Bb5 Bd7 7. 0-0 e6 8. Qe1 Nb4 9. Bxd7+ Qxd7 10. Na3 0-0-0 11. d4 Qd6 12. Nb5 Qe7 13. Ba3 a5 14. c3 Qd7 15. Na7+ Kb8 16. cxb4 axb4 17. Ne5 Qe8 18. Qxb4 Kxa7 19. Qa5+ Kb8 20. Bc5 b6 21. Bxb6 cxb6 22. Qxb6+ Kc8 23. Rac1+ 1-0

[Event "Berlin Unicorn op"]
[Site "Berlin"]
[Date "2008.04.30"]
[Round "1"]
[White "Zesewitz, Martin"]
[Black "Bukowski, Henryk"]
[Result "0-1"]
[WhiteElo "1939"]
[BlackElo "2177"]
[PlyCount "60"]
[EventDate "2008.04.30"]
[EventType "swiss"]
[EventRounds "7"]
[EventCountry "GER"]
[SourceTitle "CBM 124 Extra"]
[Source "ChessBase"]
[SourceDate "2008.07.03"]
[SourceVersion "1"]
[SourceVersionDate "2008.07.03"]
[SourceQuality "1"]

1. f4 Nf6 2. Nf3 d6 3. e3 g6 4. b3 Bg7 5. Bb2 0-0 6. Be2 c5 7. 0-0 b6 8. d3 Bb7 9. Nbd2 Nd5 10. Bxg7 Kxg7 11. Kf2 Nd7 12. Ne4 N7f6 13. Nxf6 exf6 14. c4 Nc7 15. g4 d5 16. h4 Qe7 17. d4 Rfe8 18. Qd2 Rad8 19. Rae1 dxc4 20. bxc4 cxd4 21. exd4 Qd7 22. Rd1 b5 23. g5 bxc4 24. gxf6+ Kg8 25. Ne5 Qh3 26. Bxc4 Qxh4+ 27. Ke2 Bd5 28. Bxd5 Nxd5 29. Rb1 Qxf6 30. Rb7 Qa6+ 0-1

[Event "Berlin Hellersdorf Winter 5th"]
[Site "Berlin"]
[Date "2008.02.02"]
[Round "3.31"]
[White "Zesewitz, Martin"]
[Black "Garcia, Carlos2222"]
[Result "1-0"]
[WhiteElo "1939"]
[BlackElo "1872"]
[PlyCount "113"]
[EventDate "2008.02.01"]
[EventType "swiss"]
[EventRounds "5"]
[EventCountry "GER"]
[SourceTitle "EXT 2022"]
[Source "ChessBase"]
[SourceDate "2021.10.06"]
[SourceVersion "1"]
[SourceVersionDate "2021.10.06"]
[SourceQuality "1"]

1. f4 d5 2. Nf3 Nf6 3. e3 Bg4 4. b3 e6 5. Bb2 Nbd7 6. Bd3 Bd6 7. h3 Bxf3 8. Qxf3 Nc5 9. Qg3 Rg8 10. Nc3 c6 11. a4 Qc7 12. Nd1 0-0-0 13. Nf2 Nfe4 14. Qf3 f5 15. Bd4 Qa5 16. Bxe4 Nxe4 17. Nxe4 dxe4 18. Qh5 Be7 19. Qf7 Bh4+ 20. Ke2 Qd5 21. Rad1 c5 22. Be5 Qc6 23. Rhg1 c4 24. g3 Bf6 25. Bxf6 gxf6 26. Qxf6 Rd6 27. Qc3 cxb3 28. cxb3 Rgd8 29. g4 Kb8 30. Qxc6 bxc6 31. gxf5 exf5 32. Rg7 R8d7 33. Rxd7 Rxd7 34. Rg1 Kb7 35. Rg5 Rf7 36. d3 exd3+ 37. Kxd3 c5 38. e4 Rd7+ 39. Ke3 fxe4 40. Kxe4 Kc6 41. Rg3 Re7+ 42. Kf5 Kd5 43. Rd3+ Kc6 44. Kf6 Re4 45. f5 Rd4 46. Re3 c4 47. Rc3 Rd6+ 48. Kg5 h6+ 49. Kh5 Rf6 50. Rxc4+ Kd6 51. Kg4 Ke5 52. Rc5+ Ke4 53. Ra5 a6 54. b4 Rd6 55. b5 Rd5 56. Rxa6 Rxf5 57. Re6+ 1-0

[Event "Berlin-ch U18 final"]
[Site "Berlin"]
[Date "2008.01.10"]
[Round "5.5"]
[White "Zesewitz, Martin"]
[Black "Karunaharamoorthy, Achudhan"]
[Result "1/2-1/2"]
[WhiteElo "1939"]
[BlackElo "1877"]
[PlyCount "77"]
[EventDate "2008.01.06"]
[EventType "swiss"]
[EventRounds "7"]
[EventCountry "GER"]
[SourceTitle "EXT 2022"]
[Source "ChessBase"]
[SourceDate "2021.10.06"]
[SourceVersion "1"]
[SourceVersionDate "2021.10.06"]
[SourceQuality "1"]

1. f4 d5 2. Nf3 g6 3. e3 Bg7 4. Be2 Nf6 5. d3 0-0 6. 0-0 b6 7. Nc3 Bb7 8. Qe1 Nbd7 9. Qh4 c5 10. g4 e6 11. Bd2 Ne8 12. Qg3 f5 13. h4 Nd6 14. h5 Qe7 15. Kf2 fxg4 16. Qxg4 Nf6 17. Qg5 b5 18. Ke1 b4 19. Na4 Nf7 20. Qh4 Bc6 21. b3 Bxa4 22. bxa4 Qd7 23. hxg6 hxg6 24. d4 Rfc8 25. Bd3 Ne4 26. Ng5 cxd4 27. Bxb4 Nfxg5 28. fxg5 Qxa4 29. a3 Rab8 30. Rh1 Rxb4 31. Qh7+ Kf7 32. Rf1+ Ke7 33. Qxg7+ Kd6 34. Rf8 Rbb8 35. Rxc8 Rxc8 36. exd4 Qa5+ 37. Kf1 Qd2 38. Qe5+ Ke7 39. Qg7+ 1/2-1/2

[Event "Berlin-ch U18 final"]
[Site "Berlin"]
[Date "2008.01.09"]
[Round "4.6"]
[White "Zesewitz, Martin"]
[Black "Fuchs, Raimond"]
[Result "0-1"]
[WhiteElo "1939"]
[BlackElo "1930"]
[PlyCount "54"]
[EventDate "2008.01.06"]
[EventType "swiss"]
[EventRounds "7"]
[EventCountry "GER"]
[SourceTitle "EXT 2022"]
[Source "ChessBase"]
[SourceDate "2021.10.06"]
[SourceVersion "1"]
[SourceVersionDate "2021.10.06"]
[SourceQuality "1"]

1. f4 d5 2. Nf3 g6 3. e3 Bg7 4. Be2 Nf6 5. 0-0 0-0 6. d3 c5 7. Nc3 b6 8. Ne5 Bb7 9. Bf3 Na6 10. a3 Nc7 11. Qe1 Nd7 12. Nxd7 Qxd7 13. e4 e5 14. Qh4 f5 15. Re1 Rae8 16. a4 Bf6 17. Qh3 Bg7 18. Qg3 fxe4 19. dxe4 Ne6 20. fxe5 Nd4 21. e6 Nxf3+ 22. gxf3 Qxe6 23. Bd2 Bd4+ 24. Kg2 dxe4 25. Nxe4 Qf5 26. Rf1 Rxe4 27. Rae1 Rg4 0-1

[Event "Berlin-ch U18 final"]
[Site "Berlin"]
[Date "2008.01.06"]
[Round "1.5"]
[White "Noetzel, Felix"]
[Black "Zesewitz, Martin"]
[Result "1-0"]
[WhiteElo "1843"]
[BlackElo "1939"]
[PlyCount "71"]
[EventDate "2008.01.06"]
[EventType "swiss"]
[EventRounds "7"]
[EventCountry "GER"]
[SourceTitle "EXT 2022"]
[Source "ChessBase"]
[SourceDate "2021.10.06"]
[SourceVersion "1"]
[SourceVersionDate "2021.10.06"]
[SourceQuality "1"]

1. e4 c6 2. d4 d5 3. exd5 cxd5 4. Bd3 Nc6 5. c3 e5 6. dxe5 Nxe5 7. Qe2 Qe7 8. Bb5+ Bd7 9. Bf4 a6 10. Bxd7+ Nxd7 11. Nd2 Nc5 12. Be3 Nf6 13. Nb3 Ne6 14. Nf3 Qc7 15. Nbd4 Be7 16. 0-0 Nf4 17. Bxf4 Qxf4 18. Rfe1 Ne4 19. c4 Bb4 20. Red1 dxc4 21. Qxc4 Bc5 22. Re1 Be7 23. Ne6 fxe6 24. Rxe4 Qf5 25. Rxe6 Rf8 26. Rae1 Rf7 27. Qc7 Kf8 28. Rxe7 Rxe7 29. Qxe7+ Kg8 30. Qe6+ Qxe6 31. Rxe6 Rc8 32. Re2 Rc1+ 33. Ne1 Kf7 34. f3 b5 35. Kf2 b4 36. Nd3 1-0

[Event "Berlin op 05"]
[Site "Berlin"]
[Date "2006.05.28"]
[Round "7"]
[White "Zesewitz, Martin"]
[Black "Berg, Gerd"]
[Result "1-0"]
[WhiteElo "1314"]
[BlackElo "1466"]
[PlyCount "85"]
[EventDate "2006.05.24"]
[EventType "swiss"]
[EventRounds "7"]
[EventCountry "GER"]
[SourceTitle "EXT 2007"]
[Source "ChessBase"]
[SourceDate "2006.11.23"]
[SourceVersion "1"]
[SourceVersionDate "2006.11.23"]
[SourceQuality "1"]

1. f4 d5 2. Nf3 Nc6 3. b3 Nf6 4. Bb2 Bf5 5. e3 e6 6. Bb5 Bg4 7. 0-0 a6 8. Bd3 Bc5 9. Qe1 Nb4 10. Qg3 Nxd3 11. cxd3 Bxf3 12. Rxf3 g6 13. Qh4 d4 14. Qg5 Nd7 15. exd4 Qxg5 16. fxg5 Bb6 17. Na3 Ne5 18. Rh3 Nc6 19. Nc2 0-0-0 20. Kf1 Rd5 21. Rf3 Rf8 22. Ba3 Rfd8 23. Rxf7 Rf5+ 24. Rxf5 exf5 25. Re1 Nxd4 26. Nxd4 Bxd4 27. Re7 Rd7 28. Ke2 Rxe7+ 29. Bxe7 Bg1 30. h3 Bh2 31. d4 Kd7 32. Bf6 Ke6 33. d3 Kd5 34. Kf2 Bf4 35. Kf3 Bc1 36. g4 Bb2 37. gxf5 gxf5 38. Kf4 Bxd4 39. Bxd4 Kxd4 40. Kxf5 Kxd3 41. h4 Ke3 42. h5 Kf3 43. g6 1-0